000 01090nam a2200229Ia 4500
001 L248-15027
003 IT-CnALBA
008 170116s9999||||xx |||||||||||||| ||und||
040 _aIT-CnALBA
_cIT-CnALBA
041 _aITALIANO
100 _aBORIO GIOVANNI, ARC. LEQUIO BERRIA
245 0 _aTERESINA VALLE, OVVERO, I SEGRETI DELLA NOVIZIA.
250 _a1a ed.
260 _aMILANO
_bBACCHINI BENEDETTO, CASA EDIT.
_c1903 [1° Ed.:1903 - Ed.Ling.Originale: 1903]
300 _a338 p.
500 _aESERCIZI SPIRITUALI. MORTE. PECCATO. GIUDIZIO. PARADISO. FELICITÀ. INFERNO. ETERNITÀ. POVERTÀ. CARITÀ. LIBERALISMO. ELEMOSINA. AVARIZIA. IGNORANZA. PURGATORIO. PERDONO. AFFLITTI.
501 _aSocietà San Paolo EM - Piazza San Paolo, 14 - 12051 ALBA (CN) (non commercial uses only) ® Copyright 2017
520 _aESERCIZI SPIRITUALI. MORTE. PECCATO. GIUDIZIO. PARADISO. FELICITÀ. INFERNO. ETERNITÀ. POVERTÀ. CARITÀ. LIBERALISMO. ELEMOSINA. AVARIZIA. IGNORANZA. PURGATORIO. PERDONO. AFFLITTI.
650 _aASCETICA E MISTICA
942 _cBK
957 _71
999 _a19777
_bSI
_g Copie: 1
_c274196
_d274196